000 00311nam a22001457a 4500
020 _a81-7130-410-9
082 _a894.812.1
_bARV/M
100 _aARAVINDHAN
245 _aMAHAKAVIKALUDE KUTTIKAVITHAKAL
260 _aKOTTAYAM
_bDC BOOKS
_c2009
300 _a75
520 _aPOEM
650 _aPOEM
942 _cBK
999 _c4115
_d4115